Wood technology: Chemical aspects (Record no. 39021)

MARC details
000 -LEADER
fixed length control field 00279nam a2200109Ia 4500
082 ## - DEWEY DECIMAL CLASSIFICATION NUMBER
Classification number 674:66
Item number GOL
245 #0 - TITLE STATEMENT
Title Wood technology: Chemical aspects
260 ## - PUBLICATION, DISTRIBUTION, ETC. (IMPRINT)
Place of publication Washington
Name of publisher ACS
Year of publication 1977
700 ## - ADDED ENTRY--PERSONAL NAME
Personal name Goldstein, Irving S
942 ## - ADDED ENTRY ELEMENTS (KOHA)
Koha item type Books
Holdings
Withdrawn status Lost status Damaged status Not for loan Home library Current library Date acquired Cost, normal purchase price Full call number Accession Number Koha item type
        RRII Library RRII Library 16/12/2021 41.95 674:66 GOL 19368 Books